UBT Library

American Horticultural Society encyclopedia of perennials / (Record no. 44970)

000 -LEADER
fixed length control field 00851cam a22002657a 4500
001 - CONTROL NUMBER
control field 14620763
005 - DATE AND TIME OF LATEST TRANSACTION
control field 20180314050642.0
008 - FIXED-LENGTH DATA ELEMENTS--GENERAL INFORMATION
fixed length control field 061102s2006 enka e 001 0 eng d
010 ## - LIBRARY OF CONGRESS CONTROL NUMBER
LC control number 2006285292
020 ## - INTERNATIONAL STANDARD BOOK NUMBER
International Standard Book Number 0756613434
020 ## - INTERNATIONAL STANDARD BOOK NUMBER
International Standard Book Number 9780756613433
035 ## - SYSTEM CONTROL NUMBER
System control number (OCoLC)ocm71846503
040 ## - CATALOGING SOURCE
Original cataloging agency WIR
Transcribing agency WIR
Modifying agency BAKER
-- YDXCP
-- DLC
041 ## - LANGUAGE CODE
Language code of text/sound track or separate title eng
042 ## - AUTHENTICATION CODE
Authentication code lccopycat
080 ## - UNIVERSAL DECIMAL CLASSIFICATION NUMBER
Universal Decimal Classification number 635.93203
082 00 - DEWEY DECIMAL CLASSIFICATION NUMBER
Classification number 635.93203 DAN
Edition number 22
100 ## - Rafti
Rafti 9
101 ## - Shkurtesa
Shkurtesa MJE
245 00 - TITLE STATEMENT
Title American Horticultural Society encyclopedia of perennials /
Statement of responsibility, etc Graham Rice, editor-in-chief ; Kurt Bluemel, contributing editor.
246 30 - VARYING FORM OF TITLE
Title proper/short title Encyclopedia of perennials
906 ## - LOCAL DATA ELEMENT F, LDF (RLIN)
a 7
b cbc
c copycat
d 2
e ncip
f 20
g y-gencatlg
942 ## - ADDED ENTRY ELEMENTS (KOHA)
Source of classification or shelving scheme
Item type Books
Holdings
Withdrawn status Lost status Source of classification or shelving scheme Damaged status Not for loan Collection code Permanent location Current location Shelving location Date acquired Total Checkouts Full call number Barcode Date last seen Price effective from Koha item type
          Koleksioni i përgjithshem UBT - Lipjan UBT - Lipjan Koleksioni i përgjithshem 03/14/2018   635.93203 DAN 002-3002179 03/14/2018 03/14/2018 Books
UBT Library © 2015-2024. All rights reserved University Education for Business and Technology